000
00287nam a22001337a 4500
008
180227b xxu||||| |||| 00| 0 eng d
020
_a
9780760773918
041
_a
eng
080
_a
658
100
_a
54
101
_a
MAN
245
_a
STARTING A NONPROFIT
_c
ANN.F
942
_2
udc
_c
BK
999
_c
43651
_d
43651